000 01629nam a2200409 a 4500
001 ebr10085558
003 CaPaEBR
006 m u
007 cr cn|||||||||
008 040714s2004 moua sb s001 0ceng
010 _z 2004016159
020 _z0826215564 (pbk. : alk. paper)
040 _aCaPaEBR
_cCaPaEBR
035 _a(OCoLC)191952971
043 _an-us-mo
050 1 4 _aCT3262.M8
_bM38 2004eb
082 0 4 _a920.72/09778
_aB
_222
100 1 _aMcMillen, Margot Ford.
245 1 0 _aInto the spotlight
_h[electronic resource] :
_bfour Missouri women /
_cMargot Ford McMillen and Heather Roberson.
260 _aColumbia :
_bUniversity of Missouri Press,
_cc2004.
300 _axiii, 138 p. :
_bill.
490 1 _aMissouri heritage readers
504 _aIncludes bibliographical references and index.
505 0 _aSacred Sun -- Emily Newell Blair -- Josephine Baker -- Bess Wallace Truman.
533 _aElectronic reproduction.
_bPalo Alto, Calif. :
_cebrary,
_d2013.
_nAvailable via World Wide Web.
_nAccess may be limited to ebrary affiliated libraries.
600 0 0 _aSacred Sun,
_dca. 1809-1835 or 6.
600 1 0 _aBlair, Emily Newell,
_db. 1877.
600 1 0 _aBaker, Josephine,
_d1906-1975.
600 1 0 _aTruman, Bess Wallace.
650 0 _aWomen
_zMissouri
_vBiography.
651 0 _aMissouri
_vBiography.
655 7 _aElectronic books.
_2local
700 1 _aRoberson, Heather.
710 2 _aebrary, Inc.
830 0 _aMissouri heritage readers.
856 4 0 _uhttp://site.ebrary.com/lib/rucke/Doc?id=10085558
_zAn electronic book accessible through the World Wide Web; click to view
999 _c164631
_d164631